000 00926nam a2200277Ia 4500
003 OSt
005 20221005104141.0
006 a|||||r|||| 00| 0
007 ta
008 221004b |||||||| |||| 00| 0 hin d
020 _a9789382821991 (hbk)
_cINR 200.00
024 _a37032
037 _b67, 13/03/2018, P. K. Books
_cTextual
040 _aCRL
_cCRL
_bhin
041 _2hin
_ahin
082 _aO152,1NSHx, Q6
100 _aशमीम, अनवर, ले.
245 0 _aअचानक कबीर
246 _aAchānak kabīra
260 _aदिल्ली
_bनयी किताब भारत
_c2016
300 _a112पृ0
_ccm.
650 _a हिन्दी साहित्य
650 _aहिन्दी कविता
942 _hO152,1NSHx, Q6
_cTEXL
_2cc
999 _c1011875
_d1011875